El falaropo / (Record no. 116165)

MARC details
000 -LEADER
campo de control de longitud fija 00594nam a2200217 4500
001 - NÚMERO DE CONTROL
campo de control 116165
003 - IDENTIFICADOR DE NÚMERO DE CONTROL
campo de control ES-MaACL
005 - FECHA Y HORA DE LA ÚLTIMA TRANSACCIÓN
campo de control 20230906190641.0
007 - CAMPO FIJO DE DESCRIPCIÓN FÍSICA--INFORMACIÓN GENERAL
campo de control de longitud fija t|
008 - DATOS DE LONGITUD FIJA--INFORMACIÓN GENERAL
campo de control de longitud fija 061121s1983 sp r ||||1| spa d
100 1# - ENTRADA PRINCIPAL--NOMBRE DE PERSONA
Nombre de persona Paton, Alan.
9 (RLIN) 89582
245 13 - MENCIÓN DEL TÍTULO
Título El falaropo /
Mención de responsabilidad, etc. Alan Paton ; versión de Flora Casas Vaca.
250 ## - MENCION DE EDICION
Mención de edición 1ª ed.
260 ## - PUBLICACIÓN, DISTRIBUCIÓN, ETC.
Lugar de publicación, distribución, etc. Madrid :
Nombre del editor, distribuidor, etc. Debate,
Fecha de publicación, distribución, etc. 1983.
300 ## - DESCRIPCIÓN FÍSICA
Extensión 276 p. ;
Dimensiones 18 cm.
490 1# - MENCIÓN DE SERIE
Mención de serie Debate literatura
700 0# - ENTRADA AGREGADA--NOMBRE PERSONAL
Nombre de persona Casas, Flora.
9 (RLIN) 36191
830 0# - PUNTO DE ACCESO ADICIONAL DE SERIE-TÍTULO UNIFORME
Título uniforme Debate literatura
9 (RLIN) 181756
852 ## - LOCALIZACIÓN
Ubicación ES-MaACL
Número de control de estantería L-4723
Sublocalización o colección R.105211
Holdings
Estatus retirado Estado de pérdida Estado de daño No para préstamo Biblioteca de origen Biblioteca actual Ubicación en estantería Fecha de adquisición Fuente de adquisición Total de préstamos Signatura topográfica completa Código de barras Visto por última vez Precio de reemplazo Tipo de ítem Koha
        Biblioteca del Ateneo de Madrid Biblioteca del Ateneo de Madrid Depósito 2 17/01/2008     L-4723 1121139 23/02/2023 23/02/2023 Libro impreso